000 01149nam a2200241Ii 4500
003 JO-AjNU
005 20240629105042.0
008 230605s9999||||xx |||||||||||||| ||und||
040 _aJO-AjNU
_bara
_erda
_cJO-AjNU
041 _aara
050 1 4 _aKMM51.2 2022
100 1 _aغريز، محمد جابر عبدالله
_eمعد
_965772
245 2 0 _aالحماية الجزائية للحق في الحياة الخاصة عبر وسائل التواصل الاجتماعي في القانون الأردني=Criminal protection of the right to private life through social media in jordan /
_cاعداد محمد جابر عبدالله غريز ؛ إشراف زيد غرايبة
260 _c2022
300 _a97 ورقة
336 _atext
_btxt
_2rdacontent
337 _aunmediated
_bn
_2rdamedia
338 _avolume
_bnc
_2rdacarrier
500 _aرسالة جامعية(اطروحة ماجستير) جامعة عجلون الوطنية، كليةالحقوق تخصص القانون 2022
650 4 _aاحوال شخصية -قوانين-الاردن
_963351
700 1 _aغرايبة، زيد
_965773
_eمشرف
942 _2lcc
_cTHS
999 _c32298
_d32298